Breeding Birds of North America - Passerines - Statistics

General Stats
  • This quiz has been taken 66 times
    34 since last reset
  • The average score is 178 of 306
Answer Stats
Scientific Name Common Name % Correct
Corvus brachyrhynchos American Crow
92%
Turdus migratorius American Robin
92%
Icterus galbula Baltimore Oriole
92%
Cyanocitta cristata Blue Jay
92%
Thryothorus ludovicianus Carolina Wren
92%
Quiscalus quiscula Common Grackle
92%
Corvus corax Common Raven
92%
Thryomanes bewickii Bewick's Wren
83%
Poecile atricapillus Black-capped Chickadee
83%
Sayornis nigricans Black Phoebe
83%
Bombycilla garrulus Bohemian Waxwing
83%
Molothrus ater Brown-headed Cowbird
83%
Aphelocoma californica California Scrub-Jay
83%
Bombycilla cedrorum Cedar Waxwing
83%
Sialia sialis Eastern Bluebird
83%
Tyrannus tyrannus Eastern Kingbird
83%
Sayornis phoebe Eastern Phoebe
83%
Regulus satrapa Golden-crowned Kinglet
83%
Passer domesticus* House Sparrow
83%
Sialia currucoides Mountain Bluebird
83%
Sitta pygmaea Pygmy Nuthatch
83%
Sitta canadensis Red-breasted Nuthatch
83%
Vireo olivaceus Red-eyed Vireo
83%
Acanthis flammea Redpoll
83%
Agelaius phoeniceus Red-winged Blackbird
83%
Corthylio calendula Ruby-crowned Kinglet
83%
Sayornis saya Say's Phoebe
83%
Cyanocitta stelleri Steller's Jay
83%
Baeolophus bicolor Tufted Titmouse
83%
Tyrannus verticalis Western Kingbird
83%
Sitta carolinensis White-breasted Nuthatch
83%
Xanthocephalus xanthocephalus Yellow-headed Blackbird
83%
Setophaga petechia Yellow Warbler
83%
Empidonax alnorum Alder Flycatcher
75%
Spinus tristis American Goldfinch
75%
Riparia riparia Bank Swallow
75%
Hirundo rustica Barn Swallow
75%
Catharus bicknelli Bicknell's Thrush
75%
Pica hudsonia Black-billed Magpie
75%
Polioptila caerulea Blue-gray Gnatcatcher
75%
Molothrus aeneus Bronzed Cowbird
75%
Toxostoma rufum Brown Thrasher
75%
Icterus bullockii Bullock's Oriole
75%
Perisoreus canadensis Canada Jay
75%
Poecile rufescens Chestnut-backed Chickadee
75%
Spizella passerina Chipping Sparrow
75%
Geothlypis trichas Common Yellowthroat
75%
Junco hyemalis Dark-eyed Junco
75%
Sturnus vulgaris* European Starling
75%
Coccothraustes vespertinus Evening Grosbeak
75%
Corvus ossifragus Fish Crow
75%
Aphelocoma coerulescens Florida Scrub-Jay
75%
Myiarchus crinitus Great Crested Flycatcher
75%
Quiscalus mexicanus Great-tailed Grackle
75%
Catharus guttatus Hermit Thrush
75%
Eremophila alpestris Horned Lark
75%
Haemorhous mexicanus House Finch
75%
Vireo huttoni Hutton's Vireo
75%
Setophaga magnolia Magnolia Warbler
75%
Cistothorus palustris Marsh Wren
75%
Poecile gambeli Mountain Chickadee
75%
Cardinalis cardinalis Northern Cardinal
75%
Contopus cooperi Olive-sided Flycatcher
75%
Troglodytes pacificus Pacific Wren
75%
Pinicola enucleator Pine Grosbeak
75%
Loxia curvirostra Red Crossbill
75%
Pheucticus ludovicianus Rose-breasted Grosbeak
75%
Passerculus sandwichensis Savannah Sparrow
75%
Tyrannus forficatus Scissor-tailed Flycatcher
75%
Melospiza melodia Song Sparrow
75%
Tachycineta bicolor Tree Swallow
75%
Catharus fuscescens Veery
75%
Pyrocephalus rubinus Vermilion Flycatcher
75%
Tachycineta thalassina Violet-green Swallow
75%
Sialia mexicana Western Bluebird
75%
Zonotrichia leucophrys White-crowned Sparrow
75%
Empidonax traillii Willow Flycatcher
75%
Troglodytes hiemalis Winter Wren
75%
Anthus rubescens American Pipit
67%
Setophaga ruticilla American Redstart
67%
Spizelloides arborea American Tree Sparrow
67%
Myiarchus cinerascens Ash-throated Flycatcher
67%
Vireo bellii Bell's Vireo
67%
Setophaga virens Black-throated Green Warbler
67%
Passerina caerulea Blue Grosbeak
67%
Vireo solitarius Blue-headed Vireo
67%
Quiscalus major Boat-tailed Grackle
67%
Dolichonyx oryzivorus Bobolink
67%
Certhia americana Brown Creeper
67%
Campylorhynchus brunneicapillus Cactus Wren
67%
Poecile carolinensis Carolina Chickadee
67%
Corvus cryptoleucus Chihuahuan Raven
67%
Nucifraga columbiana Clark's Nutcracker
67%
Petrochelidon pyrrhonota Cliff Swallow
67%
Tyrannus couchii Couch's Kingbird
67%
Sturnella magna Eastern Meadowlark
67%
Pipilo erythrophthalmus Eastern Towhee
67%
Contopus virens Eastern Wood-Pewee
67%
Passerella iliaca Fox Sparrow
67%
Ammodramus savannarum Grasshopper Sparrow
67%
Dumetella carolinensis Gray Catbird
67%
Passerina cyanea Indigo Bunting
67%
Aphelocoma insularis Island Scrub-Jay
67%
Baeolophus ridgwayi Juniper Titmouse
67%
Setophaga kirtlandii Kirtland's Warbler
67%
Calcarius lapponicus Lapland Longspur
67%
Melospiza lincolnii Lincoln's Sparrow
67%
Troglodytes aedon Northern House Wren
67%
Mimus polyglottos Northern Mockingbird
67%
Icterus spurius Orchard Oriole
67%
Passerina ciris Painted Bunting
67%
Setophaga palmarum Palm Warbler
67%
Vireo philadelphicus Philadelphia Vireo
67%
Spinus pinus Pine Siskin
67%
Haemorhous purpureus Purple Finch
67%
Euphagus carolinus Rusty Blackbird
67%
Plectrophenax nivalis Snow Bunting
67%
Pipilo maculatus Spotted Towhee
67%
Catharus ustulatus Swainson's Thrush
67%
Setophaga townsendi Townsend's Warbler
67%
Ixoreus naevius Varied Thrush
67%
Vireo gilvus Warbling Vireo
67%
Sturnella neglecta Western Meadowlark
67%
Piranga ludoviciana Western Tanager
67%
Zonotrichia albicollis White-throated Sparrow
67%
Loxia leucoptera White-winged Crossbill
67%
Aphelocoma woodhouseii Woodhouse's Scrub-Jay
67%
Hylochichla mustelina Wood Thrush
67%
Setophaga coronata Yellow-rumped Warbler
67%
Empidonax virescens Acadian Flycatcher
58%
Centronyx bairdii Baird's Sparrow
58%
Mniotilta varia Black-and-white Warbler
58%
Pheucticus melanocephalus Black-headed Grosbeak
58%
Setophaga caerulescens Black-throated Blue Warbler
58%
Vermivora cyanoptera Blue-winged Warbler
58%
Poecile hudsonicus Boreal Chickadee
58%
Euphagus cyanocephalus Brewer's Blackbird
58%
Spizella breweri Brewer's Sparrow
58%
Sitta pusilla Brown-headed Nuthatch
58%
Psaltriparus minimus Bushtit
58%
Cardellina canadensis Canada Warbler
58%
Haemorhous cassinii Cassin's Finch
58%
Peucaea cassinii Cassin's Sparrow
58%
Vireo cassinii Cassin's Vireo
58%
Petrochelidon fulva Cave Swallow
58%
Setophaga cerulea Cerulean Warbler
58%
Calcarius ornatus Chestnut-collared Longspur
58%
Setophaga pensylvanica Chestnut-sided Warbler
58%
Spiza americana Dickcissel
58%
Empidonax oberholseri Dusky Flycatcher
58%
Passer montanus* Eurasian Tree Sparrow
58%
Spizella pusilla Field Sparrow
58%
Setophaga graciae Grace's Warbler
58%
Catharus minimus Gray-cheeked Thrush
58%
Cyanocorax yncas Green Jay
58%
Empidonax hammondii Hammond's Flycatcher
58%
Centronyx henslowii Henslow's Sparrow
58%
Setophaga citrina Hooded Warbler
58%
Passerina amoena Lazuli Bunting
58%
Empidonax minimus Least Flycatcher
58%
Ammospiza leconteii LeConte's Sparrow
58%
Spinus psaltria Lesser Goldfinch
58%
Lanius ludovicianus Loggerhead Shrike
58%
Leiothlypis luciae Lucy's Warbler
58%
Leiothlypis ruficapilla Nashville Warbler
58%
Ammospiza nelsoni Nelson's Sparrow
58%
Stelgidopteryx serripennis Northern Rough-winged Swallow
58%
Leiothlypis celata Orange-crowned Warbler
58%
Seiurus aurocapilla Ovenbird
58%
Setophaga pinus Pine Warbler
58%
Gymnorhinus cyanocephalus Pinyon Jay
58%
Vireo plumbeus Plumbeous Vireo
58%
Protonotaria citrea Prothonotary Warbler
58%
Progne subis Purple Martin
58%
Salpinctes obsoletus Rock Wren
58%
Piranga olivacea Scarlet Tanager
58%
Cistothorus stellaris Sedge Wren
58%
Anthus spragueii Sprague's Pipit
58%
Piranga rubra Summer Tanager
58%
Myadestes townsendi Townsend's Solitaire
58%
Agelaius tricolor Tricolored Blackbird
58%
Tyrannus melancholicus Tropical Kingbird
58%
Contopus sordidulus Western Wood-Pewee
58%
Vireo griseus White-eyed Vireo
58%
Cardellina pusilla Wilson's Warbler
58%
Empidonax flaviventris Yellow-bellied Flycatcher
58%
Pica nuttalli Yellow-billed Magpie
58%
Icteria virens Yellow-breasted Chat
58%
Cinclus mexicanus American Dipper
50%
Setophaga castanea Bay-breasted Warbler
50%
Artemisiospiza belli Bell's Sparrow
50%
Setophaga fusca Blackburnian Warbler
50%
Setophaga striata Blackpoll Warbler
50%
Amphispiza bilineata Black-throated Sparrow
50%
Peucaea botterii Botteri's Sparrow
50%
Polioptila californica California Gnatcatcher
50%
Melozone crissalis California Towhee
50%
Catherpes mexicanus Canyon Wren
50%
Setophaga tigrina Cape May Warbler
50%
Tyrannus vociferans Cassin's Kingbird
50%
Spizella pallida Clay-colored Sparrow
50%
Acridotheres tristis* Common Myna
50%
Oporornis agilis Connecticut Warbler
50%
Toxostoma curvirostre Curve-billed Thrasher
50%
Zonotrichia atricapilla Golden-crowned Sparrow
50%
Vermivora chrysoptera Golden-winged Warbler
50%
Pitangus sulphuratus Great Kiskadee
50%
Pipilo chlorurus Green-tailed Towhee
50%
Spinus lawrencei Lawrence's Goldfinch
50%
Toxostoma lecontei LeConte's Thrasher
50%
Parkesia motacilla Louisiana Waterthrush
50%
Geothlypis philadelphia Mourning Warbler
50%
Setophaga americana Northern Parula
50%
Lanius borealis Northern Shrike
50%
Parkesia noveboracensis Northern Waterthrush
50%
Baeolophus inornatus Oak Titmouse
50%
Phainopepla nitens Phainopepla
50%
Ammospiza maritima Seaside Sparrow
50%
Limnothlypis swainsonii Swainson's Warbler
50%
Melospiza georgiana Swamp Sparrow
50%
Pooecetes gramineus Vesper Sparrow
50%
Empidonax difficilis Western Flycatcher
50%
Helmitheros vermivorum Worm-eating Warbler
50%
Chamaea fasciata Wrentit
50%
Vireo flavifrons Yellow-throated Vireo
50%
Setophaga dominica Yellow-throated Warbler
50%
Melozone aberti Abert's Towhee
42%
Icterus graduacauda Audubon's Oriole
42%
Vireo atricapilla Black-capped Vireo
42%
Baeolophus atricristatus Black-crested Titmouse
42%
Setophaga nigrescens Black-throated Gray Warbler
42%
Luscinia svecica Bluethroat
42%
Toxostoma redivivum California Thrasher
42%
Sturnella lilianae Chihuahuan Meadowlark
42%
Toxostoma crissale Crissal Thrasher
42%
Alauda arvensis* Eurasian Skylark
42%
Setophaga chrysoparia Golden-cheeked Warbler
42%
Tyrannus dominicensis Gray Kingbird
42%
Vireo vicinior Gray Vireo
42%
Contopus pertinax Greater Pewee
42%
Piranga flava Hepatic Tanager
42%
Icterus cucullatus Hooded Oriole
42%
Geothlypis formosa Kentucky Warbler
42%
Calamospiza melanocorys Lark Bunting
42%
Toxostoma longirostre Long-billed Thrasher
42%
Geothlypis tolmiei MacGillivray's Warbler
42%
Plectrophenax hyperboreus McKay's Bunting
42%
Aphelocoma wollweberi Mexican Jay
42%
Myioborus pictus Painted Redstart
42%
Setophaga discolor Prairie Warbler
42%
Cardinalis sinuatus Pyrrhuloxia
42%
Anthus cervinus Red-throated Pipit
42%
Oreoscoptes montanus Sage Thrasher
42%
Ammospiza caudacuta Saltmarsh Sparrow
42%
Icterus parisorum Scott's Oriole
42%
Myiodynastes luteiventris Sulphur-bellied Flycatcher
42%
Leiothlypis peregrina Tennessee Warbler
42%
Setophaga pitiayumi Tropical Parula
42%
Auriparus flaviceps Verdin
42%
Leiothlypis virginiae Virginia's Warbler
42%
Phylloscopus borealis Arctic Warbler
33%
Toxostoma bendirei Bendire's Thrasher
33%
Spizella atrogularis Black-chinned Sparrow
33%
Leucosticte atrata Black Rosy-Finch
33%
Polioptila melanura Black-tailed Gnatcatcher
33%
Vireo altiloquus Black-whiskered Vireo
33%
Baeolophus wollweberi Bridled Titmouse
33%
Myiarchus tyrannulus Brown-crested Flycatcher
33%
Psilorhinus morio Brown Jay
33%
Empidonax fulvifrons Buff-breasted Flycatcher
33%
Melozone fusca Canyon Towhee
33%
Loxia sunesciuris Cassia Crossbill
33%
Turdus grayi Clay-colored Thrush
33%
Leiothlypis crissalis Colima Warbler
33%
Amphispizopsis quinquestriata Five-striped Sparrow
33%
Leucosticte tephrocotis Gray-crowned Rosy-Finch
33%
Empidonax wrightii Gray Flycatcher
33%
Poecile cinctus Gray-headed Chickadee
33%
Zonotrichia querula Harris's Sparrow
33%
Setophaga occidentalis Hermit Warbler
33%
Chondestes grammacus Lark Sparrow
33%
Sporophila torqueola Morelet's Seedeater
33%
Camptostoma imberbe Northern Beardless-Tyrannulet
33%
Oenanthe oenanthe Northern Wheatear
33%
Arremonops rufivirgatus Olive Sparrow
33%
Peucedramus taeniatus Olive Warbler
33%
Cardellina rubrifrons Red-faced Warbler
33%
Pachyramphus aglaiae Rose-throated Becard
33%
Aimophila ruficeps Rufous-crowned Sparrow
33%
Artemisiospiza nevadensis Sagebrush Sparrow
33%
Molothrus bonariensis Shiny Cowbird
33%
Calcarius pictus Smith's Longspur
33%
Icterus pectoralis* Spot-breasted Oriole
33%
Rhynchophanes mccownii Thick-billed Longspur
33%
Passerina versicolor Varied Bunting
33%
Motacilla alba White Wagtail
33%
Junco phaeonotus Yellow-eyed Junco
33%
Icterus gularis Altamira Oriole
25%
Peucaea aestivalis Bachman's Sparrow
25%
Leucosticte australis Brown-capped Rosy-Finch
25%
Gracula religiosa* Common Hill Myna
25%
Myiarchus tuberculifer Dusky-capped Flycatcher
25%
Motacilla tschutschensis Eastern Yellow Wagtail
25%
Pycnonotus jocosus* Red-whiskered Bulbul
25%
Peucaea carpalis Rufous-winged Sparrow
25%
Vireo flavoviridis Yellow-green Vireo
25%
No matching quizzes found
Score Distribution
Percent of People with Each Score
Percentile by Number Answered
Your Score History
You have not taken this quiz since the last reset